Loading...
| Science - Chemistry | 0 | 4 | 0 | 1 | 40 | 93 | 105.50 | 0 | 0 | 0.20 | 5.56 |
| Fine Arts - Classical Music | 0 | 3 | 0 | 2 | 30 | 81 | 98.33 | 0 | 1 | 5.97 | 12.22 |
| Geography | 0 | 2 | 0 | 0 | 20 | 89 | 99.50 | 0 | 0 | 5.31 | 8.33 |
| History - European | 0 | 2 | 0 | 0 | 20 | 68 | 71.00 | 0 | 0 | 5.89 | 5.56 |
| History - World | 0 | 2 | 0 | 0 | 20 | 91 | 93.50 | 0 | 0 | 2.76 | 8.89 |
| Science - Other | 0 | 2 | 1 | 0 | 15 | 79 | 86.00 | 0 | 0 | 5.28 | 8.89 |
| Social Science | 0 | 1 | 0 | 0 | 10 | 89 | 89.00 | 0 | 0 | 2.62 | 1.59 |
| Literature - World | 0 | 1 | 0 | 0 | 10 | 97 | 97.00 | 0 | 0 | 1.49 | 4.44 |
| Mythology | 0 | 1 | 0 | 1 | 10 | 121 | 121.00 | 0 | 0 | 0.00 | 1.11 |
| Popular Culture | 0 | 1 | 0 | 1 | 10 | 56 | 56.00 | 0 | 0 | 9.82 | 11.11 |
| History - American | 0 | 0 | 1 | 0 | -5 | 0.00 | 0 | 0 | 0.00 | 0.00 | |
| Fine Arts - Painting and Sculpture | 0 | 0 | 1 | 0 | -5 | 0.00 | 0 | 0 | 0.00 | 0.00 |